000 01064nam a2200325 i 4500
001 000041279
003 DO-SdBNP
005 20250210094919.0
007 ta
008 130927s2006 dr 000 f spa d
020 _a9993462608
040 _aDO-SdBNP
_bspa
_cBNPHU
_erda
041 _hrda
082 _aRD863.44
_bD536L
_222
100 1 _a Herrera R., Rafael Darío,
_d1955-
_eautor
_q (Herrera Rodríguez),
_9306
245 1 0 _aLecturas de novelas dominicanas /
_cGiovanni Di Pietro.
264 _aSanto Domingo :
_bUniversitaria,
_c2006.
300 _a175 páginas ;
_c21 cm.
336 _ardacontent
_btexto
_2txt
337 _ardamedia
_bsin mediación
_2n
338 _ardacarrier
_bvolumen
_2nc
490 1 _aLiteratura y sociedad
_v64
500 _aIncluye datos biografícos del autor en la solapa de la cubierta
590 _aInventariado, 2020 /LP
650 0 _aNovela dominicana
_9223
650 0 _aLiteratura dominicana.
_967
830 0 _aLiteratura y sociedad
_n64
_967894
910 _aValidado. Control de calidad MFF
942 _2ddc
_cLBS1
999 _c40769
_d40769